Les inconnus C'est toi que je t'aimes - Paroles - Statistiques

Statistiques générales
  • Ce quiz a été pris 70 fois
  • Le résultat moyen est 190 sur 287
Statistiques - réponses
Réponse % Correct
Je
100%
je
100%
toi
100%
ce
98%
que
97%
ta
97%
beaucoup
93%
c'est
93%
le
90%
vachement
90%
à
88%
a
88%
de
86%
pas
86%
des
85%
te
85%
dans
81%
t'aimes
80%
dire
78%
mots
78%
qui
78%
dico
76%
sais
76%
écrire
75%
comment
73%
faudrait
73%
j'invente
73%
me
73%
peux
73%
au
71%
ça
71%
et
71%
mon
71%
la
69%
les
69%
plus
69%
Plus
69%
tu
69%
Moi
66%
qu'existent
64%
suis
64%
un
64%
Monique
61%
passé
61%
PTT
61%
caissier
59%
notre
59%
rencontre
59%
y
59%
crèches
58%
fatale
58%
Halles
58%
j'ai
58%
Neuilly
58%
aux
56%
désespoir
56%
mes
56%
revoir
56%
travaille
56%
veux
56%
Juvisy
54%
Maïté
54%
même
54%
tout
54%
c'était
53%
Depuis
53%
fais
53%
toute
53%
caissière
51%
moche
51%
Prisunic
51%
toutes
51%
boeuf
49%
effet
49%
meufs
49%
47%
squatte
47%
pour
46%
Pour
46%
qu'est
46%
du
44%
plaqué
42%
sera
41%
chez
39%
faut
36%
gros
36%
j'irai
36%
lavabo
36%
Foucault
34%
l'amour
34%
passer
34%
roi
34%
s'il
34%
chier
32%
domaine
32%
faire
32%
chanter
31%
dimanche
31%
ikea
31%
j'suis
31%
avec
29%
fric
29%
l'été
29%
mère
29%
sabatier
29%
semaine
29%
bac
27%
Chirac
27%
ferais
27%
Jacques
27%
bière
25%
capable
25%
d'être
25%
J'arrêterais
25%
poli
25%
boire
24%
J'pisserais
24%
serais
24%
t'inventerais
24%
variété
24%
voterais
24%
bosserais
22%
Garros
22%
Roland
22%
costard
20%
cravate
20%
repasserai
20%
36
19%
j'mettrais
19%
15
15%
Croix
15%
donnerais
15%
d'passer
15%
Figaro
15%
j'écouterais
15%
J'ferai
15%
Rouge
15%
ULLA
15%
Démis
14%
j'aurais
14%
morbacs
14%
Roussos
14%
J'achèterais
12%
j'te
12%
jure
10%
Aucun quiz correspondant
Distribution des résultats
% des personnes avec chaque résultat
Percentile par nombre de réponses
Votre historique - résultats
Vous n’avez pas pris ce quiz